| 000 | 00548nam a2200181 i 4500 | ||
|---|---|---|---|
| 001 | 37237 | ||
| 003 | ES-MaACL | ||
| 005 | 20230906155530.0 | ||
| 007 | t| | ||
| 008 | 030220s1966 sp ||||1| spa d | ||
| 100 | 1 |
_aBuckingham, A. D. _932319 |
|
| 245 | 1 | 4 |
_aLos principios de la termodinámica y sus aplicaciones / _cA. D. Buckingham ; versión Antonio Roig. |
| 250 | _a1ª ed. | ||
| 260 |
_aMadrid : _bAlhambra, _c1966. |
||
| 300 |
_aVIII, 225 p. : _bil. ; _c20 cm. |
||
| 700 | 1 |
_aRoig, Antonio. _998996 |
|
| 852 |
_aES-MaACL _jC-30527 _bR.60485 |
||
| 999 |
_c37237 _d37237 |
||